Marqueurs d'essais avec le XV de France de rugby. (2020 - ...) - Statistiques

Statistiques générales
  • Ce quiz a été pris 4 834 fois
    251 depuis la dernière actualisation
  • Le résultat moyen est 33 sur 60
Statistiques - réponses
Essais Joueur Poste % Correct
12 Antoine Dupont Demi de mêlée
97%
35 Damian Penaud Ailier
96%
29 Louis Bielle-Biarrey Ailier
96%
9 Thomas Ramos Arrière
96%
6 Romain Ntamack Demi d'ouverture
89%
5 Julien Marchand Talonneur
88%
5 Matthieu Jalibert Demi d'ouverture
88%
17 Charles Ollivon 3e ligne aile
87%
10 Théo Attissogbe Ailier
86%
11 Peato Mauvaka Talonneur
85%
1 François Cros 3e ligne aile
82%
6 Thibaud Flament 2e ligne
80%
3 Anthony Jelonch 3e ligne aile
78%
3 Grégory Alldritt 3e ligne centre
78%
6 Yoram Moefana Centre
78%
4 Baptiste Serin Demi de mêlée
77%
1 Maxime Lucu Demi de mêlée
76%
1 Emmanuel Meafou 2e ligne
75%
5 Cyril Baille Pilier
74%
8 Gaël Fickou Centre
73%
2 Uini Atonio Pilier
71%
5 Emilien Gailleton Centre
70%
1 Jean-Baptiste Gros Pilier
66%
2 Oscar Jégou 3e ligne aile
66%
1 Fabien Brau-Boirie Centre
65%
2 Mickaël Guillard 2e ligne
63%
9 Gabin Villière Ailier
61%
2 Melvyn Jaminet Arrière
59%
4 Nicolas Depoortère Centre
59%
1 Gaël Dréan Ailier
55%
3 Nolann Le Garrec Demi de mêlée
54%
4 Léo Barré Arrière
51%
6 Jonathan Danty Centre
49%
5 Teddy Thomas Ailier
49%
2 Pierre-Louis Barassi Centre
47%
1 Antoine Hastoy Demi d'ouverture
44%
3 Romain Taofifenua 2e ligne
44%
2 Virimi Vakatawa Centre
44%
4 Baptiste Couilloud Demi de mêlée
43%
4 Brice Dulin Arrière
42%
5 Paul Boudehent 3e ligne aile
42%
2 Paul Willemse 2e ligne
42%
3 Cameron Woki 3e ligne aile
40%
1 Arthur Vincent Centre
39%
1 Maxime Lamothe Talonneur
36%
1 Pierre Bourgarit Talonneur
34%
1 Anthony Bouthier Arrière
32%
2 Ethan Dumortier Ailier
32%
1 Georges-Henri Colombe Pilier
32%
1 Romain Buros Arrière
30%
1 Vincent Rattez Ailier
30%
2 Matthis Lebel Ailier
28%
2 Sekou Macalou 3e ligne aile
27%
1 Sipili Falatea Pilier
23%
1 Alexandre Roumat 3e ligne aile
20%
1 Dylan Cretin 3e ligne aile
20%
1 Joshua Brennan 2e ligne
18%
1 Antoine Frisch Centre
16%
1 Paul Gabrillagues 2e ligne
13%
1 Swan Rebbadj 2e ligne
13%
Aucun quiz correspondant
Distribution des résultats
% des personnes avec chaque résultat
Percentile par nombre de réponses
Votre historique - résultats
Vous n’avez pas pris ce quiz depuis la dernière actualisation